Fr. Conceicao Rodrigues College of Engineering

Production and operations management (Record no. 27494)

MARC details
000 -LEADER
fixed length control field 00350nam a2200145Ia 4500
082 ## - DEWEY DECIMAL CLASSIFICATION NUMBER
Classification number 658.5/CHA
Item number CHA
100 ## - MAIN ENTRY--PERSONAL NAME
Personal name Chary/S.N
250 ## - EDITION STATEMENT
Edition statement 3
245 ## - TITLE STATEMENT
Title Production and operations management
260 ## - PUBLICATION, DISTRIBUTION, ETC.
Name of publisher, distributor, etc. McGraw-Hill International Edition
Place of publication, distribution, etc. New Delhi
Date of publication, distribution, etc. 2004
366 ## - TRADE AVAILABILITY INFORMATION
Publishers's discount category 20
546 ## - LANGUAGE NOTE
Language note ENGLISH
654 ## - SUBJECT ADDED ENTRY--FACETED TOPICAL TERMS
Focus term operation management
942 ## - ADDED ENTRY ELEMENTS (KOHA)
Koha item type BOOK
Holdings
Withdrawn status Lost status Damaged status Not for loan Collection Home library Current library Date acquired Source of acquisition Cost, normal purchase price Inventory number Total Checkouts Full call number Barcode Date last seen Cost, replacement price Price effective from Koha item type Date due Date last checked out
        CRC Fr. Agnel's C.Rodrigues College of Engineering Fr. Agnel's C.Rodrigues College of Engineering 17/03/2023 Professional Book House. 305.00 341 dt 05/01/2008   658.5/CHA CHA 18205 17/03/2023 325.00   BOOK    
        CRC Fr. Agnel's C.Rodrigues College of Engineering Fr. Agnel's C.Rodrigues College of Engineering 17/03/2023 Professional Book House. 305.00 341 dt 05/01/2008   658.5/CHA CHA 18206 17/03/2023 325.00   BOOK    
        CRC Fr. Agnel's C.Rodrigues College of Engineering Fr. Agnel's C.Rodrigues- College of Engineering 17/03/2023 Professional Book House. 305.00 341 dt 05/01/2008 1 658.5/CHA CHA 18207 12/06/2023 325.00   BOOK 15/02/2018 12/06/2023